Central Library OPAC University of Rajshahi

Greek thinkers: (Record no. 30572)

MARC details
000 -LEADER
fixed length control field 00893cam a2200301u 4500
001 - CONTROL NUMBER
control field 30572
003 - CONTROL NUMBER IDENTIFIER
rucl marc code BD-RjUL
005 - DATE AND TIME OF LATEST TRANSACTION
control field 20220922123414.0
008 - FIXED-LENGTH DATA ELEMENTS--GENERAL INFORMATION
fixed length control field 140410m19311905enk 000 0 eng
035 ## - SYSTEM CONTROL NUMBER
System control number (BD-RjUL)30658
040 ## - CATALOGING SOURCE
Original cataloging agency DLC
Transcribing agency CarP
Modifying agency DLC
Language of cataloging eng
041 1# - LANGUAGE CODE
Language code of text/sound track or separate title eng
Language code of original ger
051 ## - LIBRARY OF CONGRESS COPY, ISSUE, OFFPRINT STATEMENT
Copy information Microfilm 24750 B.
082 ## - DEWEY DECIMAL CLASSIFICATION NUMBER
Classification number 182
Author mark and year GOG V-2
100 1# - MAIN ENTRY--PERSONAL NAME
Personal name Gomperz, Theodor,
Dates associated with a name 1832-1912.
9 (RLIN) 92654
245 10 - TITLE STATEMENT
Title Greek thinkers:
Remainder of title a history of ancient philosophy /
Statement of responsibility, etc. Theodor Gomperz
250 ## - EDITION STATEMENT
Edition statement Authorized ed.
260 ## - PUBLICATION, DISTRIBUTION, ETC. (IMPRINT)
Place of publication, distribution, etc. London :
Name of publisher, distributor, etc. J. Murray,
Date of publication, distribution, etc. C1905 [reprinting1931, 1955,1964]
300 ## - PHYSICAL DESCRIPTION
Pagination 397 p. ;
Size 23 cm.
505 01 - FORMATTED CONTENTS NOTE
Formatted contents note Vol. 2 --
650 #0 - SUBJECT ADDED ENTRY--TOPICAL TERM
Topical term or geographic name as entry element Philosophy, Ancient.
9 (RLIN) 3836
700 1# - ADDED ENTRY--PERSONAL NAME
Personal name Magnus, Laurie,
Dates associated with a name 1872-1933.
Personal name Berry, George Godfrey,
Dates associated with a name 1867-
Relator term tr.
942 ## - ADDED ENTRY ELEMENTS (KOHA)
Source of classification or shelving scheme Dewey Decimal Classification
Koha item type Books
Holdings
Lost status Source of classification or shelving scheme Damaged status Not for loan Collection code Permanent Location Current Location Shelving location Date acquired Source of acquisition Cost, normal purchase price Total Checkouts Full call number Date last seen Copy number Koha item type
  Dewey Decimal Classification   Not For Loan Non-fiction Central Library, University of Rajshahi Central Library, University of Rajshahi Reading Room 07/11/1956 B. H. Bluckwell 3.30   182 GOG V-2 1931 10/04/2014 C-1 Books
  Dewey Decimal Classification     Non-fiction Central Library, University of Rajshahi Central Library, University of Rajshahi   16/07/191 Shawkat Usman     182 GOG V-2 1955 13/04/2014 C-3 Books
  Dewey Decimal Classification     Non-fiction Central Library, University of Rajshahi Central Library, University of Rajshahi   30/10/1965 zeithinger 60.00   182 GOG V-2 1964 24/04/2014 C-2 Books
  Dewey Decimal Classification     Non-fiction Central Library, University of Rajshahi Central Library, University of Rajshahi   13/02/1973 Britain Gift 0.00   182 GOG V-2 1969 29/04/2014 C-6 Books
  Dewey Decimal Classification     Non-fiction Central Library, University of Rajshahi Central Library, University of Rajshahi   03/02/1956 Zeitlinger 17.20   182 GOG V-2 1949 04/12/2016 C-4 Books
  Dewey Decimal Classification     Non-fiction Central Library, University of Rajshahi Central Library, University of Rajshahi General Stacks 29/10/1965 Zeitlinger 60.00   182 GOG V-2 1964 22/09/2022 C-1 Books